000 01099 a2200301 4500
001 OB-pur-64343
003 FrMaCLE
005 20251214082552.0
007 cu ||||||m||||
008 190717e||||||||xx |||||s|||||||||0|fr|d
020 _a978-2-7535-5437-5
024 7 _a10.4000/books.pur.64343
_2doi
040 _aFR-FrMaCLE
041 _afra
100 1 _aCesbron, Georges
245 1 0 _a37 études critiques : littérature générale, littérature française et francophone, littérature étrangère :
_bCahier XXVII /
_cGeorges Cesbron.
260 _aRennes :
_bPresses universitaires de Rennes,
_c2019.
300 _a814 p.
500 _aEbook
540 _aOpenEdition Books License
_uhttps://www.openedition.org/12554
650 4 _aLiterary Theory & Criticism
650 4 _aLiterature, Romance
650 4 _aimaginaire
650 4 _amythologie
650 4 _amythocritique
760 0 _x1966-2114
856 4 _eCesbron, Georges
_uhttps://books.openedition.org/pur/64343
_y37 études critiques : littérature générale, littérature française et francophone, littérature étrangère
999 _c2467
_d2467